| 000 | 01138 a2200217 4500 | ||
|---|---|---|---|
| 001 | 59566 | ||
| 005 | 20260407155849.0 | ||
| 008 | 260407a1989 arg spa d | ||
| 003 | AR-UNSa-BCEJYS | ||
| 040 |
_aAR-UNSa-BCEJYS _bspa _cAR-UNSa-BCEJYS |
||
| 080 |
_a338.45 _xIndustria como sector económico. Producción comercial, industrial |
||
| 245 | 1 | 0 |
_aEl proceso de industrialización en la argentina _pevolución, retoceso y perspectiva |
| 020 | _a950-25-1335-5 | ||
| 264 | 1 |
_aBuenos Aires : _bCEPAL _c1989 |
|
| 300 |
_a108 p. _c21 cm. |
||
| 505 | _a1. Introducción. Los temas centrales de este estudio - 2. El modelo macroeconómico recibido - 3. Los instrumentos de política económica como determinantes del ritmo y la naturaleza del proceso de industrialización - 4. Las etapas de la industrialización argentina - 5. El patrón interindustrial de crecimiento y distribución del ingreso en las distintas etapas del desarrollo industrial argentino - 6. Reflexiones sobre prospectiva y política pública | ||
| 942 | _cBK | ||
| 590 | _aniveau_biblio:m niveau_hierar:0 | ||
| 100 | 1 | _aKatz, Jorge | |
| 700 | 1 | _aKosacoff, Bernardo | |
| 999 |
_c6742 _d6742 |
||